La libertad religiosa: estudio teológico filosófico-jurídico e histórico

Guardat en:
Dades bibliogràfiques
Autor principal: Díez-Alegría, J. M (Autor)
Format: Llibre
Idioma:espanyol
Publicat: Barcelona Instituto Católico de Estudios Sociales 1965
Matèries:
Etiquetes: Afegir etiqueta
Sense etiquetes, Sigues el primer a etiquetar aquest registre!

MARC

LEADER 00000nam a2200000 a 4500
001 UCS8490
003 CL-VaPUC
008 971031e19650000SP |||||||||||||||||spa|d
082 0 4 |a 261.72  |b DIE  |2 21 
100 0 |a Díez-Alegría, J. M  |e author  |9 393344 
245 1 3 |a La libertad religiosa: estudio teológico filosófico-jurídico e histórico 
300 |a 117 p 
942 |c BK 
945 |d 19971031 00:00:00  |a aalvarez 
260 |a Barcelona  |b Instituto Católico de Estudios Sociales  |c 1965 
650 7 |a LIBERTAD RELIGIOSA  |2 CL-VaPUC  |9 393345 
583 |a last modification  |c 19971031 00:00:00  |k Rodrigo Vera 
999 |c 262883  |d 262881 
952 |0 0  |1 0  |4 0  |6 261_720000000000000_DIE_1965  |7 0  |8 A  |9 291807  |a BIBTEO  |b BIBTEO  |d 2019-11-19  |i 2024446  |o 261.72 DIE 1965  |p 2024446  |r 2025-01-17  |w 2019-11-19  |y BK  |k ICR